| 000 | 00684nam a22002177a 4500 | ||
|---|---|---|---|
| 003 | UA-OsUOA | ||
| 001 | 64123 | ||
| 007 | ta | ||
| 008 | 20091029b un ||||| |||| 00| 0 ukr d | ||
| 090 |
_a94(477.63) _bД54 |
||
| 942 | _cBK | ||
| 040 |
_aUA-OsUOA _bukr _cUA-OsUOA _dUA-OsUOA |
||
| 245 | _aДнепропетровская область в годы Великой отечественной войны Советского Союза (1941 - 1945) | ||
| 300 | _a360 с. | ||
| 955 | _a2 | ||
| 041 | _aukr | ||
| 080 | _a94(477.63) | ||
| 260 |
_aДніпропетровськ _c1962 |
||
| 650 | 7 |
_a9 Географія. Біографії. Історія _2UDC |
|
| 999 |
_c350406 _d350406 |
||